000
00286nam a2200133Ia 4500
100
_a
Mahapatra/P.B
942
_c
BK
654
_a
Thinking in C & C++
245
_a
Thinking in C & C++
260
_b
Wheeler Publisher
_a
NewDelhi
082
_a
5.13
300
_a
685
546
_a
ENGLISH
999
_c
27700
_d
27700